Responses for show #3141 - Monday, April 6, 1998

Pat Healy game 5.

Contestants

Kathleen Hennessey, a pollution control board member from Western Springs, Illinois

Stephen McNamara, a system manager from New York City, New York

Pat Healy, an index editor from Concord, California (whose 4-day cash winnings total $56,402)

Jeopardy! Round responses

PUDDING
LAST NAME'S THE SAME
PITCHES FROM THE CRYPT
THEY'RE HISTORY!
THE DEVIL'S MUSIC
BEFORE & AFTER
(Alex: Shades of Wheel of Fortune.)
    $100 26
Christmas

Pat
    $100 18
Ford

Kathleen
    $100 8
Fred Astaire

Stephen
    $100 2
Attila

Pat
    $100 1
a blue dress

Stephen
    $100 13
Sally Field of Dreams

Pat
    $200 27
(Alex: [*] in Wonderland, yes.)

Alice

Pat
    $200 19
Williams

Pat
    $200 9
Robert Mitchum

Pat
    $200 5
Hannibal

Pat
    $200 3
(Alex: [*], that's right, "The Devil Went Down To Georgia".)

Charlie Daniels

Pat
    $200 14
Anne Rice-A-Roni

Pat
    $300 28
bread

Pat
    $300 20
Griffith

Stephen
    $300 10
Ed Sullivan

Pat
    $300 23
Hadrian

Stephen
    $300 4
INXS

Stephen
    $300 15
the Generation X-Files

Pat
    $400 29
Spotted Dick

Pat
    $400 21
Hutton

Pat
    $400 11
Diet Coke

Triple Stumper
    $400 24
Ramses II (or Ramses the Great)

Triple Stumper
    $500 6
(Alex: Pat?)
(Pat: I don't know.)
(Alex: [*], Elvis Presley, so you lost it all; you're tied with Kathleen for second place. Select again.)

"(You're The) Devil In Disguise"

Pat
    $400 16
Smokey Robinson Crusoe

Pat
    $500 30
Yorkshire pudding

Pat
    $500 22
Grier

Stephen
    $500 12
Coors

Pat
    $500 25
Ptolemy

Pat
    $500 7
"Sympathy For The Devil"

Kathleen
    $500 17
(Alex: Well done in the category! All right, Pat! Way to roll!)

Ice Cream Cone of Silence

Pat

Scores at the first commercial break (after clue 12):

Pat Stephen Kathleen
$1,000 $500 $500

Scores at the end of the Jeopardy! Round:

Pat Stephen Kathleen
$5,100 $1,600 $600

Double Jeopardy! Round responses

MEET AL GORE
PUNCHY WRITERS
BROOKLYN NEIGHBORHOODS
WE, THE JURY
BUFF ACTORS
SNOW WHITE'S UNKNOWN DWARFS
    $200 22
Vietnam

Kathleen
    $200 2
George Foreman

Pat
    $200 14
Bedford-Stuyvesant

Stephen
    $200 12
12

Kathleen
    $200 7
Michael Douglas

Stephen
    $200 19
Jolly

Stephen
    $400 23
Tommy Lee Jones

Stephen
    $400 3
(Alex: The story and the film was [*].)

"The Killers"

Triple Stumper
    $400 15
Coney Island

Stephen
    $400 13
hang

Stephen
    $400 8
Mel Gibson

Pat
    $400 24
Wimpy

Kathleen
    $600 25
Love Story

Pat
    $1,900 4
(Pat: Who is George Plimpton?)
(Alex: No, not a bad guess. Who is [*]? He's the author.)

Norman Mailer

Pat
    $600 16
Flatbush

Kathleen
    $600 1
damages

Pat
    $600 9
The Piano

Pat
    $600 28
(Kathleen: What is Dizzy?)

Groggy

Kathleen
Triple Stumper
    $800 30
Earth

Pat
    $800 5
Budd Schulberg

Triple Stumper
    $800 20
Bensonhurst

Stephen
    $800 17
peers

Pat
    $800 10
the Terminator

Pat
    $800 27
Shorty (or Stumpy)

Triple Stumper
    $1000 29
(Kathleen: Who is Dan Quayle?)
(Pat: Who is H. Ross Perot?)

George Bush

PatKathleen
Triple Stumper
    $1000 6
(Alex: Yes, [*], Barbara Stanwyck and William Holden.)

Golden Boy

Pat
    $1000 21
Crown Heights

Kathleen
    $1,400 18
a challenge

Pat
    $1000 11
The Crying Game

Pat
    $1000 26
Puffy

Pat

Scores at the end of the Double Jeopardy! Round:

Pat Stephen Kathleen
$11,400 $4,200 $1,400
(lock game)

[wagering suggestions for these scores]

Final Jeopardy! Round responses

COUNTRIES OF THE WORLD
(Alex: Which biblical king were you thinking of?)
(Pat: Um...)
(Alex: Jam! King Jam!)
...
(Alex: Come over here, Patrick, congratulations to you. Now, you know you had the choice of automobiles, what did you select?)
(Pat: I chose the two Camaros.)
KathleenWhat are the Solomon Islands?
$1,400
StephenWhat are the Solomon Islands
$1,200
PatWhat is Jamaica?
$1,198
the Solomon Islands

Final scores:

Pat Stephen Kathleen
$10,202 $5,400 $2,800
5-day champion: $66,604 2nd place: A week at the Hotel MeliĆ” Victoria in the heart of Mallorca, Spain, flown aboard Air Europa 3rd place: Wittnauer's Montego, the ultimate Swiss watch for all occasions

Game dynamics:

Coryat scores:

Pat Stephen Kathleen
$13,400 $4,200 $1,400
31 R
(including 1 DD),
3 W
(including 2 DDs)
13 R,
0 W
7 R,
2 W

Combined Coryat: $19,000

The J! Archive is created by fans, for fans. The Jeopardy! game show and all elements thereof, including but not limited to copyright and trademark thereto, are the property of Jeopardy Productions, Inc. and are protected under law. This website is not affiliated with, sponsored by, or operated by Jeopardy Productions, Inc. Join the discussion at JBoard.tv.